| 000 | 00752nam a2200217Ia 4500 | ||
|---|---|---|---|
| 003 | GCL | ||
| 008 | 140319s9999 xx 000 0 ara d | ||
| 040 |
_aGCL / _cGCL |
||
| 082 | 0 | 4 |
_a347.06 _bع ا |
| 100 | 1 |
_aعبدالفتاح مراد _vReviewer _@ _٠راجع |
|
| 245 | 1 | 0 |
_aاصول اعمال النيابات والتحقيق الجنائى العملى / _cعبدالفتاح مراد |
| 260 |
_a[S.N] : _bدار الفكر الجامعى ، _c1992 |
||
| 300 | _a207 ص | ||
| 490 | _a | ||
| 650 | 0 | 4 | _aالقانون |
| 650 | 0 | 4 | _aقانون الاجراءات الجنائية |
| 650 | 0 | 4 | _aالتحقيق الجنائى |
| 650 | 0 | 4 | _aالادلة الجنائية |
| 650 | 0 | 4 | _aالنيابة العامة |
| 942 |
_2ddc _cBK |
||
| 999 |
_c50736 _d50736 |
||